000
00297nam a2200121Ia 4500
008
190216s9999||||xx |||||||||||||| ||und||
100
_a
Mee A J
245
0
_a
Physical Chemistry
260
_b
The English Language Book Society
_c
1964
300
_a
719p
650
_a
Chemistry-Chemistry
942
_c
BK
999
_c
1949
_d
1949